000 00709nam a2200229 a 4500
005 20220526063423.0
008 140826s2010 mx r 000 0 spa d
020 _a9786074696349 (SEP)
020 _a9786071605160 (FCE)
035 _aUPN01000199131
049 _aI
050 4 _aPZ24.9
_bP6.3
100 1 _aPourchet, Marjorie,
_d1979-
_935950
245 1 3 _aLa cabeza en la bolsa /
_cMarjorie Pourchet ; tr. Francisco Segovia.
260 _aMéxico :
_bSEP :
_bFCE,
_c2010.
300 _a[24] p. :
_bil. col.
440 0 _aLibro del rincón.
_pAstrolabio
534 _pTitulo original:
_tLa tête dans le sac
650 0 _aCuentos infantiles franceses
_98588
905 _aInfantil
999 _c171232
_d171232